Coping with cities and connecting with villages: Migrant workers in Surat city (Record no. 512011)

000 -LEADER
fixed length control field 00562nam a2200157 4500
008 - FIXED-LENGTH DATA ELEMENTS--GENERAL INFORMATION
fixed length control field 191028b ||||| |||| 00| 0 eng d
100 ## - MAIN ENTRY--PERSONAL NAME
Personal name Das, Biswaroop
245 ## - TITLE STATEMENT
Title Coping with cities and connecting with villages: Migrant workers in Surat city
260 ## - PUBLICATION, DISTRIBUTION, ETC. (IMPRINT)
Name of publisher, distributor, etc Indian Journal of Labour Economics
300 ## - PHYSICAL DESCRIPTION
Extent 62(1), Jan-Mar, 2019: p.89-112.
650 ## - SUBJECT ADDED ENTRY--TOPICAL TERM
Topical term or geographic name as entry element Rural urban migration - India - Surat
9 (RLIN) 12656
700 ## - ADDED ENTRY--PERSONAL NAME
Personal name Sahu, Gagan Bihari
9 (RLIN) 12657
773 ## - HOST ITEM ENTRY
Main entry heading Indian Journal of Labour Economics
906 ## - LOCAL DATA ELEMENT F, LDF (RLIN)
Subject DIP Migration - India - Surat
942 ## - ADDED ENTRY ELEMENTS (KOHA)
Source of classification or shelving scheme
Item type Articles
Holdings
Withdrawn status Lost status Source of classification or shelving scheme Damaged status Not for loan Permanent location Current location Date acquired Serial Enumeration / chronology Barcode Date last seen Koha item type
          Indian Institute of Public Administration Indian Institute of Public Administration 2019-10-28 62(1), Jan-Mar, 2019: p.89-112. AR121457 2019-10-28 Articles

Powered by Koha